LEADER 01610nam a2200313 u 4500 001 000000016821 003 CaOOAMICUS 005 20070226110033.0 008 940517s1945 fr u000 u fre u 035 $a10393673 040 $aPUL(R)$bita 100 1 $aVerbeke, Gérard,$d1910-$0(OLS)http://pul/name/1388 245 12$aL'évolution de la doctrine du pneuma :$bdu stoïcisme à S. Augustin : étude philosophique /$cpar G. Verbeke. 260 $aParis :$bDesclée de Brouwer ;$aLouvain :$bÉditions de l'Institut supérieur de philosophie,$c1945. 300 $a572 p. ;$c25 cm 490 1 $aBibliothèque de l'Institut supérieur de philosophie, Université de Louvain 500 $aComprende indici. 504 $aBibliografia in nota. 650 4$aFilosofia antica.$0(OLS)http://pul/subject/205 650 4$aSpirito.$0(OLS)http://pul/subject/7726 710 2 $aUniversité catholique de Louvain (1970-).$bInstitut supérieur de philosophie.$0(OLS)http://pul/name/8369 830 0$aBibliothèque de l'Institut supérieur de philosophie, Université de Louvain.$0(OLS)http://pul/title/16008 850 $aPUL 852 $aPUL$W1$xDP2 Filosofia 1$y62$m84 F 25$j23692$nBK-PRI$b $qStampati$B23692$CPULBib$Z2$F23692 $81 941 1 $a8 961 $aINV: 30288 996 $6245$aL'évolution de la doctrine du pneuma :$bdu stoïcisme à S. Augustin : étude philosophique$9(OLS)http://pul/title/24037 996 $6260$aParis :$bDesclée de Brouwer$9(OLS)http://pul/publisher/49456 996 $6260$aLouvain :$bÉditions de l'Institut supérieur de philosophie$9(OLS)http://pul/publisher/50876 LEADER 01652nam a2200373 a 4500 001 000000125925 003 CaOOAMICUS 005 20110708140610.0 008 110708s2010 it ad u000 u ita r 020 $a978-88-12-00034-0 040 $aPUL$bita 082 04$a610.3 245 00$aTreccani cervello mente psiche. 246 34$aTreccani medicina 246 30$aCervello mente psiche 260 $aRoma :$bIstituto della Enciclopedia Italiana fondata da Giovanni Treccani,$c©2010. 300 $a759 p. :$bill. a col., grafici ;$c29 cm. 490 1 $aDizionari tematici Treccani 500 $aTesto su due colonne. 504 $aIncludono riferimenti bibliografici ed indice. 650 14$aCervello$xFunzionamento.$0(OLS)http://pul/subject/25954 650 4$aMente$xFunzionamento.$0(OLS)http://pul/subject/26369 650 4$aPsichiatria$xEnciclopedie.$0(OLS)http://pul/subject/38150 830 0$aDizionari tematici Treccani.$0(OLS)http://pul/title/143920 850 $aPUL 852 $aPUL$W1$xSL Cons. Gen., Altre Classi 3$y75$m610. 3 DIZ 2.1$j145096$qDDC 21$B144095$CPULBib$Z2$F144095 $H116012 $82 941 1 $a9 996 $6020$a978-88-12-00034-0$9(OLS)http://pul/number/147688 996 $6082$a610.3$9(OLS)http://pul/classification/478 996 $6246$aCervello mente psiche$9(OLS)http://pul/title/158946 996 $6245$aTreccani cervello mente psiche$9(OLS)http://pul/title/158945 996 $6246$aTreccani medicina$9(OLS)http://pul/title/152684 996 $6260$aRoma :$bIstituto della Enciclopedia Italiana fondata da Giovanni Treccani$9(OLS)http://pul/publisher/50662